LDR 00881naa#a2200169#i#450# 001 RU\\bibl\121539 005 20260512083242.2 011 ## _a2414-3995 100 ## _a20251022b2025####ek#y0rusy0150####ca 102 ## _aRU 200 1# _aСтруктурные сдвиги и пути инновационного развития отечественного машиностроения в условиях санкционных ограничений _eЖурнальная статья 210 1# _aМосква _cМосковский университет МВД России имени В.Я. Кикотя _d2025 215 ## _a7 с. 608 ## _aЖурнальная статья _2local 675 ## _aЭкономика. Народное хозяйство. Экономические науки. 33 _z 700 #1 _aЕпифанов _gАлександр Егорович 856 4# _amosumvd.editorum.ru _u